| 000 | 00433nam a2200181Ia 4500 | ||
|---|---|---|---|
| 008 | 210210b1955 xxu||||| |||| 00| 0 eng d | ||
| 041 | _aeng | ||
| 082 | _a230/169 | ||
| 100 | _aWOODS (Ralph L) Ed. | ||
| 245 | _aConsolations of catholicism | ||
| 260 |
_aLondon _bVictor Gollancz Ltd., _c1955 |
||
| 300 | _a288 | ||
| 650 | _aof | ||
| 650 | _aConsolations | ||
| 650 | _acatholicism | ||
| 690 | _aChristianity | ||
| 906 | _a001405 | ||
| 999 |
_c116526 _d116526 |
||